Stark wie der Tod ist die Liebe
| Main Author: | |
|---|---|
| Format: | Print Article |
| Language: | German |
| Check availability: | HBZ Gateway |
| Interlibrary Loan: | Interlibrary Loan for the Fachinformationsdienste (Specialized Information Services in Germany) |
| Published: |
2003
|
| In: |
Leipziger Blätter
Year: 2003, Issue: 42, Pages: 42-44 |
| Further subjects: | B
Jewish cemetery
B Leipzig |
MARC
| LEADER | 00000caa a22000002c 4500 | ||
|---|---|---|---|
| 001 | 1623450594 | ||
| 003 | DE-627 | ||
| 005 | 20220606130345.0 | ||
| 007 | tu | ||
| 008 | 080626s2003 xx ||||| 00| ||ger c | ||
| 035 | |a (DE-627)1623450594 | ||
| 035 | |a (DE-576)283054166 | ||
| 035 | |a (DE-599)BSZ283054166 | ||
| 040 | |a DE-627 |b ger |c DE-627 |e rakwb | ||
| 041 | |a ger | ||
| 084 | |a BD 9250 |2 rvk |0 (DE-625)rvk/10407: | ||
| 084 | |a LB 69080 |2 rvk |0 (DE-625)rvk/90586:797 | ||
| 100 | 1 | |0 (DE-588)113305680 |0 (DE-627)593634837 |0 (DE-576)170778215 |4 aut |a Löffler, Katrin |d 1964- | |
| 109 | |a Löffler, Katrin 1964- | ||
| 245 | 1 | 0 | |a Stark wie der Tod ist die Liebe |
| 264 | 1 | |c 2003 | |
| 336 | |a Text |b txt |2 rdacontent | ||
| 337 | |a ohne Hilfsmittel zu benutzen |b n |2 rdamedia | ||
| 338 | |a Band |b nc |2 rdacarrier | ||
| 500 | |a Betr.: Feierhalle des Architekten Wilhelm Haller auf dem Neuen Israelitischen Friedhof in Leipzig | ||
| 650 | 0 | 7 | |0 (DE-588)4331943-9 |0 (DE-627)14804543X |0 (DE-576)211326097 |a Jüdischer Friedhof |2 gnd |
| 651 | 7 | |0 (DE-588)4035206-7 |0 (DE-627)104798998 |0 (DE-576)209011246 |a Leipzig |2 gnd | |
| 773 | 0 | 8 | |i In |t Leipziger Blätter |d Leipzig : Passage-Verl., 1982 |g (2003), 42, Seite 42-44 |w (DE-627)129279498 |w (DE-600)88648-8 |w (DE-576)014467461 |x 0232-7244 |7 nnas |
| 773 | 1 | 8 | |g year:2003 |g number:42 |g pages:42-44 |
| 935 | |a SAXB |a mteo | ||
| 936 | r | v | |a BD 9250 |b Zentraleuropa allgemein (Deutschland, Schweiz, Niederlande) (seit dem Mittelalter) |k Theologie und Religionswissenschaften |k Judaistik |k Religions- und Kulturgeschichte der Juden |k Jüdische Gemeindegeschichte in Palästina und Diaspora |k Zentraleuropa (Deutschland, Schweiz, Niederlande) (seit dem Mittelalter) |k Zentraleuropa allgemein (Deutschland, Schweiz, Niederlande) (seit dem Mittelalter) |0 (DE-627)1270718207 |0 (DE-625)rvk/10407: |0 (DE-576)200718207 |
| 936 | r | v | |a LB 69080 |b Sachsen |k Sozial- und Kulturanthropologie. Empirische Kulturwissenschaft |k Raum und Ort: Hausforschung, Gemeinde- und Stadtethnologie |k Sakralbauten und Sakralanlagen |k Europa |k Mitteleuropa |k Deutschland |k Mittel- und Westdeutschland |k Sachsen |0 (DE-627)1272079082 |0 (DE-625)rvk/90586:797 |0 (DE-576)202079082 |
| 951 | |a AR | ||
| ELC | |b 1 | ||
| ORI | |a SA-MARC-ixtheo_oa001.raw | ||
| STA | 0 | 0 | |a Jewish cemetery,Jews,Cemetery,Leipzig |
| STB | 0 | 0 | |a Cimetière juif,Leipzig |
| STC | 0 | 0 | |a Cementerio judío,Leipzig |
| STD | 0 | 0 | |a Cimitero ebraico,Lipsia |
| STE | 0 | 0 | |a 犹太墓地,犹太公墓,犹太坟场 |
| STF | 0 | 0 | |a 猶太墓地,猶太公墓,猶太墳場 |
| STG | 0 | 0 | |a Cemitério judaico,Leipzig |
| STH | 0 | 0 | |a Еврейское кладбище,Лейпциг (мотив) |
| STI | 0 | 0 | |a Εβραϊκό νεκροταφείο,Εβραϊκό κοιμητήριο,Λειψία (μοτίβο) |
| SYE | 0 | 0 | |a Judenfriedhof,Jüdische Friedhöfe,Juden |
| SYF | 0 | 0 | |a Urbs Lipzi,Lipzi,Lejpcig,Reichsmessestadt Leipzig,Lipsk,Lipcse,Messestadt Leipzig,Groß-Leipzig,Lipsia,Stadt Leipzig,Leipsic,Leipzic,Leyptzick,Lejpzjg,Leipsig,Leipsia,Gross-Leipzig,Liptzk,Leiptzk,Leyptzigk,Leipsique,Leipsick,Leypsic,Leipsic |